00840cam a2200217 a 450000100100000000500170001000800410002704000290006808200170009710000360011424500460015026000360019630000330023250400290026565000210029491000340031504900090034995201210035895201260047999900170060500001161020200929162513.0731212s1967 nyua b 001 0 eng  aDO-SdBNPbengcLCdBNPHU a668.41bK75m1 aKobayashi, Akira,d1921-92746310aMachining of plastics /cAkira Kobayashi. aNew York :bMcGraw-Hill,c1967. axii, 257 p. :bil. ;c23 cm. aIncluye bibliografías. 4aPlasticos927464 aCatalogación por copia / LC aBNGR 001052708MOaGRbGRcCTd2009-10-21iLF1l0o668.41 K75mp11610-10r2020-06-25w2020-06-25y2ZPréstamo interno 001053728MOaGRbGRcCTd2009-10-21iLF1l0o668.41 K75mp11610-20r2020-06-25te.2w2020-06-25y2ZPréstamo interno c11303d11303